Normal view
MARC view
- Puche Cabezas, Luis
Entry Nombre Personal
001 - NUMERO DE CONTROL
- campo de control: 48078
003 - IDENTIFICADOR DE NUMERO DE CONTROL
- campo de control: DLC
005 - FECHA Y HORA DE LA ÜLTIMA TRANSACCIÓN
- campo de control: 20230306113526.0
008 - DATOS DE LONGITUD FIJA
- campo de control de longitud fija: 140513n| azannaabn |a aaa
010 ## - NÚMERO DE CONTROL DE LA BIBLIOTECA DEL CONGRESO
- Número de control LC: n 2014027053
040 ## - FUENTE DE CATALOGACIÓN
- Agencia original de catalogación: DLC
- Lenguaje de catalogación: spa
- Description conventions: rda
- Agencia de transcripción: DLC
- Agencia que lo modifica: MX-MxUPN
100 1# - ENCABEZAMIENTO - NOMBRE PERSONAL
- Nombre personal: Puche Cabezas, Luis
374 ## - OCUPACIÓN
- Occupation: Etnólogo
- Fuente del término: lcsh
377 ## - LENGUA ASOCIADA
- Language code: spa
400 1# - VEÁSE - NOMBRE DE PERSONA
- Personal name: Cabezas, Luis Puche
670 ## - FUENTE EN LA QUE SE LOCALIZARON DATOS
- Cita de la fuente: Transexualidad, adolescencias y educación, 2013:
- Información localizada: portada (Luis Puche Cabezas) página 11 (antropólogo social)
902 ## - CATALOGADOR
- Catalogador: Víctor Ruiz/060323
